[Event "Tom Weston Major op"]
[Site "Wales"]
[Date "2008.03.22"]
[Round "2"]
[White "Garcia, Jason"]
[Black "Stewart, Jimmy"]
[Result "1-0"]
[WhiteElo "1976"]
[BlackElo "1818"]
[PlyCount "77"]
[EventDate "2008.03.21"]
[EventType "swiss"]
[EventRounds "7"]
[EventCountry "WLS"]
[SourceTitle "EXT 2010"]
[Source "ChessBase"]
[SourceDate "2010.11.25"]
[SourceVersion "1"]
[SourceVersionDate "2010.11.25"]
[SourceQuality "1"]

1. e4 e5 2. f4 exf4 3. Bc4 Qh4+ 4. Kf1 d6 5. Nf3 Bg4 6. Nc3 Nc6 7. Nxh4 Bxd1 8. Nxd1 Nd4 9. Bb3 Be7 10. Nf3 Nxb3 11. axb3 g5 12. Nc3 c6 13. d3 h5 14. h4 f6 15. Nd4 Kd7 16. Nf5 Bd8 17. Bd2 b5 18. b4 Bb6 19. Ne2 Re8 20. Bc3 Rh7 21. Bd4 c5 22. bxc5 dxc5 23. Bf2 Kc6 24. Nc3 g4 25. Nd5 g3 26. Be1 c4 27. Nxf4 cxd3 28. cxd3 Nh6 29. Nxh6 Rxh6 30. Nd5 Bd4 31. Bxg3 f5 32. Rc1+ Kb7 33. Rc7+ Ka8 34. Rd7 Be5 35. Bxe5 Rxe5 36. Ke2 fxe4 37. Rc1 exd3+ 38. Kxd3 Kb8 39. Ne7 1-0